TV Show (A-Z) by Cast Photo Quiz Stats

Quiz Updated May 28, 2015

Challenge
Share
Tweet
Score 0/26 Timer 08:00
0 Plays Today
% Correct
Baywatch
96.9%
LOST
93.9%
ER
93.8%
Scrubs
93.2%
The X-Files
90.3%
That '70s Show
89.6%
Downton Abbey
89.1%
Mad Men
86.6%
Ugly Betty
85.3%
Roseanne
81.9%
Parks and Recreation
80.3%
Arrested Development
79.6%
New Girl
79%
% Correct
Gilmore Girls
75.7%
The Walking Dead
74%
Community
73.8%
Knight Rider
72.5%
I Dream of Jeannie
71.8%
Heroes
69.4%
Veronica Mars
62%
Firefly
56.2%
Quantum Leap
53.8%
Orphan Black
40.1%
Zoey 101
33.1%
Yes, Dear
31.7%
Joan of Arcadia
16.5%

You're not logged in!

Compare scores with friends on all Sporcle quizzes.
Sign Up with Email
OR
Log In

You Might Also Like...

Show Comments

Extras

Top Quizzes Today


Score Distribution

Your Account Isn't Verified!

In order to create a playlist on Sporcle, you need to verify the email address you used during registration. Go to your Sporcle Settings to finish the process.